| 000 | 00596nam a2200205 i 4500 | ||
|---|---|---|---|
| 001 | bg | ||
| 100 | 1 |
_aSTECKI, Leopold _d(1927- ) |
|
| 245 | 1 | 0 |
_aKarty kredytowe / _cLeopold Stecki. |
| 260 |
_aToruń : _bTowarzystwo Naukowe Organizacji i Kierownictwa "Dom Organizatora", _c1998. |
||
| 300 |
_a469, [1] s. ; _c21 cm. |
||
| 650 | 9 | _aKarty płatnicze | |
| 650 | 9 |
_aKarty płatnicze _xprawo _zPolska _ystan na 1998 r. |
|
| 020 | _a8387673056 | ||
| 040 | _cBPK | ||
| 041 | 0 | _apl | |
| 080 | _a336.717(438) | ||
| 920 | _a83-87673-05-6 | ||
| 942 | _cKS | ||
| 008 | s pl f |000 0 pol | ||
| 999 |
_c33731 _d33731 |
||
| 856 |
_uhttp://koha.tu.koszalin.pl/cgi-bin/koha/opac-detail.pl?biblionumber=33731 _yKatalog online BPK |
||